| 000 | 01324cam a2200373Ia 4500 | ||
|---|---|---|---|
| 001 | 10597445 | ||
| 003 | ASAB | ||
| 005 | 20180827062638.0 | ||
| 006 | m u | ||
| 007 | cr cn||||||||| | ||
| 008 | 100107s2010 nyua sb 001 0 eng d | ||
| 020 | _z978-93-84161-12-5 | ||
| 035 | _a(CaPaEBR)ebr10654802 | ||
| 035 | _a(NNC)10597445 | ||
| 040 |
_aCaPaEBR _cASAB |
||
| 050 | 1 | 4 |
_aT174.7 _b.A483 2010eb |
| 082 | 0 | 4 |
_a620/.5 _222 |
| 245 | 0 | 0 |
_aFAQs in nanotechnology _cby Don Norman |
| 260 |
_aNew York : _bNova Science Publishers, _cc2010. |
||
| 300 |
_axii, 594 p. : _bill. (some col.). |
||
| 490 | 1 |
_aAdvances in nanotechnolgy series ; _v3 |
|
| 504 | _aIncludes bibliographical references and index. | ||
| 533 |
_aElectronic reproduction. _bPalo Alto, Calif. : _cebrary, _d2013. _nAvailable via World Wide Web. _nAccess may be limited to ebrary affiliated libraries. |
||
| 650 | 0 |
_aNanotechnology. _91893 |
|
| 650 | 0 |
_aHigh technology. _91894 |
|
| 655 | 7 |
_aElectronic books. _2local _91895 |
|
| 700 | 1 |
_aBartul, Zacharie. _91896 |
|
| 700 | 1 |
_aTrenor, Jérôme. _91897 |
|
| 710 | 2 |
_aebrary, Inc. _91898 |
|
| 830 | 0 |
_aAdvances in nanotechnology series ; _vv. 3. _91899 |
|
| 856 | 4 | 0 |
_uhttp://www.columbia.edu/cgi-bin/cul/resolve?clio10597445 _zClick here for full text. |
| 942 |
_2ddc _cBK |
||
| 999 |
_c480119 _d480119 |
||